000 01287njm a2200277 i 4500
001 4974
003 ES-MaACL
005 20250514193844.0
007 s|r|||||||||||
008 070906s1979 sp ||| g ||||||||1|nspa d
100 1 _aMartínez Ruiz, Florencio.
_978387
245 1 0 _aJorge Manrique [
_hGrabación sonora]
_b: llanto por un caballero moribundo /
_cinterviene Florencio Martínez Ruiz ; presenta Enrique Domínguez Millán.
260 _aMadrid :
_bAteneo de Madrid,
_c1979.
300 _a1 disco (CD-DA) (47 min.) ;
_c12 cm.
490 1 _aV Centenario de la muerte de Jorge Manrique
500 _aDatos basados en la invitación.
518 _aSesión inaugural de los actos de homenaje organizados por la Academia Conquense de Artes y Letras en colaboración con el Ateneo de Madrid, grabado en el salón de actos el jueves 19 de abril de 1979, a las 20:00 h.
610 2 4 _aAteneo de Madrid-
_xActos culturales-
_y1979-
_vGrabaciones sonoras.
_91889
700 1 _aDomínguez Millán, Enrique
_945226
710 2 _aAteneo de Madrid.
_91875
710 2 _aAcademia Conquense de Artes y Letras.
_91157
830 0 _aV Centenario de la muerte de Jorge Manrique
_9227681
852 _aES-MaACL
_cROT
_jROT 5/5/21
_95091
942 _2udc
_cCDROM
999 _c4974
_d4974